Management : (Record no. 96366)

MARC details
000 -LEADER
fixed length control field 00803nam a2200265 a 4500
008 - FIXED-LENGTH DATA ELEMENTS--GENERAL INFORMATION
fixed length control field
020 ## - INTERNATIONAL STANDARD BOOK NUMBER
International Standard Book Number 007302743X (hbk.)
049 ## - LOCAL HOLDINGS (OCLC)
Holding library MAIN
090 ## - LOCALLY ASSIGNED LC-TYPE CALL NUMBER (OCLC); LOCAL CALL NUMBER (RLIN)
Classification number (OCLC) (R) ; Classification number, CALL (RLIN) (NR) HD31
Local cutter number (OCLC) ; Book number/undivided call number, CALL (RLIN) GOM
003 - CONTROL NUMBER IDENTIFIER
control field
005 - DATE AND TIME OF LATEST TRANSACTION
control field 20230120133834.0
040 ## - CATALOGING SOURCE
Transcribing agency NUST
100 1# - MAIN ENTRY--PERSONAL NAME
Personal name Gomez-Mejia, Luis R.
245 10 - TITLE STATEMENT
Title Management :
Remainder of title people, performance, change /
Statement of responsibility, etc. Luis R. Gomez-Mejia, David B. Balkin and Robert L. Cardy.
260 ## - PUBLICATION, DISTRIBUTION, ETC.
Place of publication, distribution, etc. Boston :
Name of publisher, distributor, etc. McGraw-Hill Irwin,
Date of publication, distribution, etc. 2008.
300 ## - PHYSICAL DESCRIPTION
Extent 3rd ed.
300 ## - PHYSICAL DESCRIPTION
Extent xxxviii, 773 p. :
Other physical details col. ill. ;
Dimensions 28 cm.
500 ## - GENERAL NOTE
General note Includes index.
504 ## - BIBLIOGRAPHY, ETC. NOTE
Bibliography, etc. note Includes bibliographical references.
650 #1 - SUBJECT ADDED ENTRY--TOPICAL TERM
Topical term or geographic name entry element Management.
700 ## - ADDED ENTRY--PERSONAL NAME
Personal name Balkin, B. David.
700 ## - ADDED ENTRY--PERSONAL NAME
Personal name Cardy, L. Robert.
907 ## - LOCAL DATA ELEMENT G, LDG (RLIN)
a .b10286500
b 18-05-11
c 05-11-10
942 ## - ADDED ENTRY ELEMENTS (KOHA)
Koha item type Ordinary Loan Books
Call number prefix HD31
Call number suffix GOM
Holdings
Date last seen Total Checkouts Full call number Barcode Accession number Cost, replacement price Price effective from Koha item type Public note Lost status Source of classification or shelving scheme Damaged status Not for loan Collection Withdrawn status Home library Current library Shelving location Date acquired Source of acquisition Cost, normal purchase price
01/20/2023 5 HD31 MEJ 92004015610 16170 30.00 05/16/2023 BOOKS Donation   LCC     NFIC   GSB GSB GEN 05/16/2023 Book Aid International 80.00